Talwar / (Record no. 130038)

MARC details
000 -LEADER
fixed length control field 00587nam a22002177a 4500
005 - DATE AND TIME OF LATEST TRANSACTION
control field 20170124110106.0
010 ## - LIBRARY OF CONGRESS CONTROL NUMBER
LC control number A-682557
020 ## - INTERNATIONAL STANDARD BOOK NUMBER
Terms of availability 00.00
035 ## - SYSTEM CONTROL NUMBER
System control number A-682557
037 ## - SOURCE OF ACQUISITION
Source of stock number/acquisition Cen Lib/Ret
040 ## - CATALOGING SOURCE
Original cataloging agency DPL
Language of cataloging EN
082 ## - DEWEY DECIMAL CLASSIFICATION NUMBER
Classification number N
Item number CAR
100 ## - MAIN ENTRY--PERSONAL NAME
Personal name Carter, Robert
9 (RLIN) 28117
245 ## - TITLE STATEMENT
Title Talwar /
Statement of responsibility, etc by Robert Carter
260 ## - PUBLICATION, DISTRIBUTION, ETC. (IMPRINT)
Name of publisher, distributor, etc Penguin Books
Date of publication, distribution, etc 1993
Place of publication, distribution, etc New Delhi
270 ## - ADDRESS
Address 706 eros apartment, 56, nehru place
City New Delhi
Postal code 110019
300 ## - PHYSICAL DESCRIPTION
Extent 452p.
Dimensions 21cm(Hb)
650 ## - SUBJECT ADDED ENTRY--TOPICAL TERM
Topical term or geographic name as entry element Literature--Fiction
9 (RLIN) 73576
650 ## - SUBJECT ADDED ENTRY--TOPICAL TERM
Topical term or geographic name as entry element English novels
9 (RLIN) 73577
942 ## - ADDED ENTRY ELEMENTS (KOHA)
Source of classification or shelving scheme Dewey Decimal Classification
Koha item type English Books
Classification part N
Call number suffix CAR
Holdings
Withdrawn status Lost status Damaged status Not for loan Home library Current library Date acquired Source of acquisition Cost, normal purchase price Total Checkouts Full call number Barcode Date last seen Copy number Cost, replacement price Price effective from Koha item type Public note
Written off       Central Library Central Library 08/07/2015 Cen Lib/Ret 0.00   N CAR A-682557 08/07/2015 1 0.00 08/07/2015 English Books W/d List No. 6859/20 ; dtd 04/08/2020

© Delhi Public Library
Hit Counter
free hit counter